00706nam a2200181Ia 4500008004100000020001800041041000800059082001800067100002300085245010300108260001600211300000800227365001700235700002300252906005400275999001900329952017600348230718s9999 xx 000 0 und d a9781787121423 aeng a005.13'3bTHA aThanaki J.9201010 aPython Natural Language ProcessingbExplore NLP with Machine Learning And Deep Learning Techniques c2017bPackt a464 cRs.b1199.00 aThanaki J.9201010 dO:0604219-Aug-2018B:IN27525-Jul-2018cCOMPb239.8 c348169d348169 00104070aCCEPbCCEPd2018-08-19ePradeep Book DistributorsfCOMPg959.20iIN275l0o005.13'3pCCEP-BK-59376r2023-07-18 00:00:00t239.8v1199.00w2018-07-25yBKz059376